نهر النيل / (رقم التسجيلة. 123711)

تفاصيل مارك
000 -LEADER
fixed length control field 00596nam a22001937a 4500
005 - DATE AND TIME OF LATEST TRANSACTION
control field 20251108175014.0
008 - FIXED-LENGTH DATA ELEMENTS--GENERAL INFORMATION
fixed length control field 250721s2009 xx 000 0 ara d
082 14 - DEWEY DECIMAL CLASSIFICATION NUMBER
Classification number ط/551.483/فرح
100 1# - MAIN ENTRY--PERSONAL NAME
Personal name فرحات، حمادة عزيز
245 10 - TITLE STATEMENT
Title نهر النيل /
264 1# - PRODUCTION, PUBLICATION, DISTRIBUTION, MANUFACTURE, AND COPYRIGHT NOTICE
Place of production, publication, distribution, manufacture المنصورة :
Name of producer, publisher, distributor, manufacturer العلم والإيمان للنشر،
Date of production, publication, distribution, manufacture, or copyright notice 2009.
300 ## - PHYSICAL DESCRIPTION
Extent 16ص.
490 0# - SERIES STATEMENT
Series statement أنهار العالم
650 17 - SUBJECT ADDED ENTRY--TOPICAL TERM
Topical term or geographic name as entry element الانهار الدولية
650 17 - SUBJECT ADDED ENTRY--TOPICAL TERM
Topical term or geographic name as entry element نهر النيل
653 ## - INDEX TERM--UNCONTROLLED
Uncontrolled term مرحلة ناشؤون صغار (10-14) سنة
942 ## - ADDED ENTRY ELEMENTS (KOHA)
Source of classification or shelving scheme Dewey Decimal Classification
Koha item type كتب
المقتنيات
حالة السحب حالة الفقدان مصدر التصنيف حالة التلف غير قابل للإعارة المكتبة الرئيسية المكتبة الحالية موقع الرف تاريخ التزويد الرقم المتسلسل Total Checkouts رقم الإستدعاء الباركود تاريخ آخر ظهور تاريخ الفاتورة نوع المادة (كوها)
    Dewey Decimal Classification     المكتبة المركزية المكتبة المركزية الأطفال 28/07/2025 1445966   ط/551.483/فرح PLD00215719 28/07/2025 28/07/2025 كتب
    Dewey Decimal Classification     المكتبة المركزية المكتبة المركزية مقتنيات قسم التزويد 28/07/2025 1489358   ط/551.483/فرح   28/07/2025 28/07/2025 كتب
    Dewey Decimal Classification     مكتبة البشائر للأطفال مكتبة البشائر للأطفال الأطفال 23/07/2011 1446107   ط/551.483/فرح PLD00216095 28/07/2025 23/07/2011 كتب
    Dewey Decimal Classification     مكتبة قتيبة للأطفال مكتبة قتيبة للأطفال الأطفال 23/07/2011 1446032   ط/551.483/فرح PLD00216090 28/07/2025 23/07/2011 كتب
    Dewey Decimal Classification     مكتبة أم المؤمنين للأطفال مكتبة أم المؤمنين للأطفال الأطفال 23/07/2011 1446026   ط/551.483/فرح PLD00216089 28/07/2025 23/07/2011 كتب
    Dewey Decimal Classification     مكتبة البيادر مكتبة البيادر الأطفال 23/07/2011 1446038   ط/551.483/فرح PLD00216091 28/07/2025 23/07/2011 كتب
    Dewey Decimal Classification     مكتبة الراية الهاشمية للأطفال مكتبة الراية الهاشمية للأطفال الأطفال 23/07/2011 1446056   ط/551.483/فرح PLD00216094 28/07/2025 23/07/2011 كتب
    Dewey Decimal Classification     مكتبة عدن للأطفال مكتبة عدن للأطفال الأطفال 23/07/2011 1446125   ط/551.483/فرح PLD00216098 28/07/2025 23/07/2011 كتب
    Dewey Decimal Classification     مكتبة عدن للأطفال مكتبة عدن للأطفال الأطفال 10/02/2025 1793388   ط/551.483/فرح PLD00515200 28/07/2025 10/02/2025 كتب
    Dewey Decimal Classification     مكتبةمؤتة مكتبةمؤتة الأطفال 23/07/2011 1445984   ط/551.483/فرح PLD00216082 28/07/2025 23/07/2011 كتب
Implemented & Customized by: BBB with SCIT (Smart Chains for Information Technology)

Powered by Koha